| 000 | 00368cam a2200157ua 4500 | ||
|---|---|---|---|
| 003 | OSt | ||
| 008 | 240217b |||||||| |||| 00| 0 eng d | ||
| 041 | _aeng | ||
| 082 |
_a620.0042 _bYAR/DE |
||
| 100 |
_aYarwood, A . _96069 |
||
| 245 | _aDesign and craft / | ||
| 260 |
_a : _bHodder and stoughton. |
||
| 300 | _a160 ; . | ||
| 700 | 1 |
_aDunn, S . _96070 |
|
| 942 | _cBK | ||
| 999 |
_c10072 _d10072 |
||